|
|
|
|
| LEADER |
00000nam0a2200000 4500 |
| 001 |
34133 |
| 005 |
20231030223904.0 |
| 035 |
|
|
|a (RuTPU)RU\TPU\book\34512
|
| 035 |
|
|
|a BOOK00001163
|
| 090 |
|
|
|a 34133
|
| 100 |
|
|
|a 20011210d1980 k y0rusy50 ca
|
| 101 |
0 |
|
|a rus
|
| 102 |
|
|
|a RU
|
| 105 |
|
|
|a a z 001zy
|
| 200 |
1 |
|
|a Автоматическая частотная разгрузка энергосистем
|f Р. С. Рабинович
|
| 210 |
|
|
|a Москва
|c Энергия
|d 1980
|
| 215 |
|
|
|a 344 с.
|c ил.
|
| 320 |
|
|
|a Библиогр.: с. 338-342.
|
| 451 |
|
1 |
|0 (RuTPU)RU\TPU\book\34513
|y 5283010791
|t Автоматическая частотная разгрузка энергосистем
|f Р. С. Рабинович
|e 2-е изд., перераб. и доп.
|c М.
|n Энергоатомиздат
|d 1989
|p 352 с.
|a Рабинович, Роман Самуилович
|
| 610 |
1 |
|
|a энергетические системы
|
| 610 |
1 |
|
|a автоматическое регулирование
|
| 610 |
1 |
|
|a автоматическая разгрузка
|
| 610 |
1 |
|
|a частотная разгрузка
|
| 610 |
1 |
|
|a схемы
|
| 675 |
|
|
|a 621.311.016
|v 3
|
| 675 |
|
|
|a 621.311.004
|v 3
|
| 700 |
|
1 |
|a Рабинович
|b Р. С.
|g Роман Самуилович
|
| 801 |
|
0 |
|a RU
|b 63413507
|c 20011210
|g PSBO
|
| 801 |
|
2 |
|a RU
|b 63413507
|c 20220621
|g PSBO
|
| 900 |
|
|
|a Автоматическое управление электроэнергетическими системами
|
| 900 |
|
|
|a Автоматизация управления энергосистемами
|
| 942 |
|
|
|c BK
|